LEADER 01010nam 2200361 450 001 9910149657803321 005 20221223050456.0 010 $a3-318-04301-X 024 7 $a10.1159/isbn.978-3-318-04301-3 035 $a(CKB)3780000000100476 035 $a(NjHacI)993780000000100476 035 $a(EXLCZ)993780000000100476 100 $a20221223h18952022 uy 0 101 0 $ager 135 $aur||||||||||| 181 $ctxt$2rdacontent 182 $cc$2rdamedia 183 $acr$2rdacarrier 200 10$aAnleitung zur aseptischen Geburtshu?lfe /$fP. Strassmann 210 1$aBasel :$cS. Karger AG,$d[1895] 210 4$dİ2022 215 $a1 online resource (VI + 162 pages) 311 $a3-318-02952-1 606 $aObstetrics 615 0$aObstetrics. 676 $a618.2 700 $aStrassmann$b P.$01215556 801 0$bNjHacI 801 1$bNjHacl 906 $aBOOK 912 $a9910149657803321 996 $aAnleitung zur aseptischen Geburtshu?lfe$92996806 997 $aUNINA LEADER 01307nam 2200409Ia 450 001 9910794633603321 005 20200520144314.0 035 $a(CKB)4200000000000571 035 $a(MiAaPQ)EBC3314533 035 $a(Au-PeEL)EBL3314533 035 $a(CaPaEBR)ebr5000712 035 $a(OCoLC)927360780 035 $a(EXLCZ)994200000000000571 100 $a20100924e20011790 uy 0 101 0 $aeng 135 $aurcn||||||||| 200 14$aThe critique of judgement$b[electronic resource] $e[with] preface to the first edition, 1790 /$fby Immanuel Kant ; translated by James Creed Meredith 205 $a1st ed. 210 $a[South Bend, IN] $cInfomotions, Inc. ;$a[Blacksburg, VA] $cVirginia Tech.$d2001 215 $a129 p 606 $aJudgment (Logic) 606 $aJudgment (Aesthetics) 606 $aTeleology 615 0$aJudgment (Logic) 615 0$aJudgment (Aesthetics) 615 0$aTeleology. 700 $aKant$b Immanuel$f1724-1804.$048116 701 $aMeredith$b James Creed$01559675 712 02$aInfomotions, Inc. 712 02$aVirginia Polytechnic Institute and State University. 801 0$bMiAaPQ 801 1$bMiAaPQ 801 2$bMiAaPQ 906 $aBOOK 912 $a9910794633603321 996 $aThe critique of judgement$93825027 997 $aUNINA